Plus grands pays par la surface ou la population - Statistiques

Statistiques générales
  • Ce quiz a été pris 209 fois
  • Le résultat moyen est 25 sur 31
Statistiques - réponses
Country % Correct
Russie
100%
Chine
99%
Etats-Unis
99%
Brésil
98%
Canada
98%
Inde
98%
Australie
97%
Algerie
92%
Argentine
92%
Mexique
90%
R. D. Congo
87%
Allemagne
86%
Indonesie
86%
Japon
86%
Pakistan
85%
Kazakhstan
83%
Egypte
82%
Nigeria
82%
Arabie Saoudite
80%
Mongolie
80%
Iran
79%
Turquie
76%
Bangladesh
74%
Soudan
74%
Tchad
67%
Ethiopie
66%
Philippines
64%
Thailande
64%
Perou
63%
Vietnam
63%
Libye
62%
Aucun quiz correspondant
Distribution des résultats
% des personnes avec chaque résultat
Percentile par nombre de réponses
Votre historique - résultats
Vous n’avez pas pris ce quiz